000 00954nam a2200265 a 4500
001 2279006
003 OSt
005 20200518112200.0
008 811109r19771930ii 000 0 eng
010 _a 78911221
040 _aDLC
_coclc
_dDLC
043 _aaw-----
_aff-----
050 0 0 _aDS38.16
_b.M37 1977
082 0 0 _a909.097671
_219
_bMAR/L
100 _aMargoliouth, D S
_q(David Samuel),
_d1858-1940.
_92327
245 1 0 _aLectures on Arabic historians /
_c D.S. Margoliouth.
260 _aDelhi :
_bIdarah-i Adabiyat-i Delli,
_c1977.
300 _a160 p. ;
_c23 cm.
440 0 _aIAD oriental series ;
_vno. 46
500 _aCover title: Arabic historians.
500 _aReprint. Originally published: Calcutta : University of Calcutta, 1930.
650 0 _aHistory & geography
_vIslamic History
_92271
906 _a7
_bcbc
_corignew
_d4
_encip
_f19
_gy-gencatlg
942 _2ddc
_cBK
_h909.097671
_iMAR/L
_k909.097671
_mMAR/L
999 _c22236
_d22236